Can you name the 10 shortest Wisconsin Highways? - Statistics

General Stats
  • This quiz has been taken 14 times
  • The average score is 5 of 10
Answer Stats
Hint Answer % Correct
0.30 WIS 243
86%
1.89 WIS 119
57%
2.85 WIS 134
57%
2.81 WIS 157
57%
3.44 WIS 160
57%
3.43 WIS 30
57%
2.62 WIS 125
43%
2.69 WIS 129
29%
1.42 WIS 193
29%
2.0 WIS 318
0%
No matching quizzes found
Score Distribution
Percent of People with Each Score
Percentile by Number Answered
Your Score History
You have not taken this quiz